Skúšanie materiálu ultrazvukom

Uložené v:
Podrobná bibliografia
Médium: Kniha
Jazyk:Slovak
Vydavateľské údaje: Bratislava Dom techniky ČSVTS 1984
Vydanie:3. vyd.
Tagy: Pridať tag
Žiadne tagy, Buďte prvý, kto otaguje tento záznam!

MARC

LEADER 00000nam a2200000 4500
001 c115281
005 20041019155200.9
041 0 |a slo 
044 |a SK 
245 1 0 |a Skúšanie materiálu ultrazvukom 
250 |a 3. vyd. 
264 1 |a Bratislava  |b Dom techniky ČSVTS  |c 1984 
300 |a 128 s.